000 00214 a2200097 4500
001 14293
100 _aJames, Eric
245 _aEducation and leadership
260 _aLondon
_bGeorge harp
_c
090 _c11203
_d11203
942 _aNUST-CAE
_cM
_c1341
999 _c249366
_d249366